000 00566nam a2200193Ia 4500
005 20250508154840.0
008 008 250505s9999 xx 000 0 eng d
037 _aTextual
040 _aFEDL
_beng
_cFEDL
041 _aeng
_2eng
084 _a370.193, BER
_qFEDL
100 _aBernbaum Gerald
245 0 _aSocial change and the schools 1918-1944
260 _aLondon, UK
_bRoutledge and Kegan Paul
_c1967
300 _aviii,120p.
490 _aThe students library of education
942 _cTEXL
_h370.193, BER
999 _c1352451
_d1352451